| 000 | 00747nam a2200265Ia 4500 | ||
|---|---|---|---|
| 003 | OSt | ||
| 005 | 20220925190253.0 | ||
| 006 | a|||||r|||| 00| 0 | ||
| 007 | ta | ||
| 008 | 220923b |||||||| |||| 00| 0 eng d | ||
| 020 | _a0520212924 | ||
| 037 | _cGeneral Book | ||
| 040 |
_aRTL _cRTL _beng |
||
| 041 |
_2eng _aeng |
||
| 082 | _aY:45111, N5 | ||
| 100 |
_aShavelson Lonny _9237889 |
||
| 245 | 0 |
_aChosen death _b The dying confront assisted suicide |
|
| 260 |
_aBerkeley _bUniversity of California Press _c1995 |
||
| 300 |
_a244p _ccm. |
||
| 500 | _aBibliography: P 239-44 | ||
| 650 | _a Sociology | ||
| 650 |
_aSuicide _9189272 |
||
| 942 |
_hY:45111, N5 _cGB _2CC |
||
| 999 |
_c513945 _d513945 |
||